Výsledok hospodárenia v účtovníctve, jeho zisťovanie, členenie a analýza bakalárska práca
Na minha lista:
| Autor principal: | |
|---|---|
| Autor Corporativo: | |
| Outros Autores: | |
| Formato: | Livro |
| Idioma: | eslovaco |
| Publicado em: |
Bratislava
2018
|
| Tags: |
Sem tags, seja o primeiro a adicionar uma tag!
|
MARC
| LEADER | 00000nbm a2200000 4500 | ||
|---|---|---|---|
| 001 | 0245912 | ||
| 005 | 20181213104217.2 | ||
| 041 | 0 | |a slo | |
| 044 | |a SK | ||
| 245 | 1 | 0 | |a Výsledok hospodárenia v účtovníctve, jeho zisťovanie, členenie a analýza |b bakalárska práca |c Ladislav Cajhan ; školiteľ: Zuzana Staríčková |
| 264 | 1 | |a Bratislava |c 2018 | |
| 300 | |a 36 s. | ||
| 100 | 1 | |a Cajhan, Ladislav | |
| 700 | 1 | |a Staríčková, Zuzana | |
| 710 | 2 | |a Národohospodárska fakulta EU. Katedra financií | |